00791nam a22002177a 450000500170000001000150001702000260003203500140005803700090007208200110008110000240009224500430011625000060015926000490016527000810021430000200029550000540031594200250036999900190039495201600041320260602105723.0 aENG-148696 a9789386473141c295.00 aEN-132228 bDBAD a954.11 aKoul, Bill K989250 a22 Years A Kashmir Story/cBill K Koul a1 aNew Delhi bVitasta Publishing Pvt Ltdc2018 a2/15, Ansari Road daryaganj,bNew Delhi e110002minfo@vitastapublishing.com a210p.c21cm(pb) aOne Lak Pandit Families May Have One Lakh Stories 2ddccENh954.11mKOU c216444d216444 001040718NFICaDBADbDBADd2026-06-02eDelivery of Books Act Divisiong295.00l0o954.11 KOUpEN-132228r2026-06-02 10:57:50t 1v295.00w2026-06-02yEN